| 000 | 00395nam a2200157Ia 4500 | ||
|---|---|---|---|
| 008 | 230312s9999||||xx |||||||||||||| ||und|| | ||
| 020 | _a81-7758-558-2 | ||
| 082 |
_a621.38 _bROD-E |
||
| 100 | _aRoddy,Dennis | ||
| 245 | 0 | _aElectronic Communications | |
| 260 |
_bPearsons/Prentice Hall _aIndia _c2009 |
||
| 300 | _a723 | ||
| 546 | _aEng. | ||
| 650 |
_aEngineering _vPassive Circuits |
||
| 942 | _cBK | ||
| 999 |
_c1144 _d1144 |
||